00909caa a22001692a 4500001000900000003001100009008004300020092001700063100004000080245008100120300001100201500016700212942000900379999001700388773016600405773016800571 015061 AR-FADEU 311216n########xxu####################dd aA860.2bW423 aGonzález Lara, Presbitero Ramón aAl ilustre restaurador de las leyes, en ocasión de salvar su preciosa vida aPP. 60 aEn: La época de Rosas : M. Sastre, J. B. Alberdi, E. Echeverría : antología / comp. Félix Weinberg. Buenos Aires : Centro Editor de América Latina, 1979 cBDGR c20820d208200 0663094293aWeinberg, Félix, comp.bdBuenos Aireso19tLa época de Rosas : M. Sastre, J. B. Alberdi, E. Echeverría : antologíaw( AR-FADEU) 000790xz0 0663094294aWeinberg, Félix, comp.bdBuenos Aireso8610tLa época de Rosas : M. Sastre, J. B. Alberdi, E. Echeverría : antologíaw( AR-FADEU) 000790xz